000 00804nam a2200217 a 4500
001 000013933
005 20200929163415.0
008 091202s1995 sp 001 0 spa d
020 _a8449301637
040 _aDO-SdBNP
_bspa
_cBNPHU
082 _axxxx
_bK38a
100 1 _aKepel, Gilles,
_d1955-
_931587
245 1 0 _aAl oeste de Alá :
_bla penetración del islam en occidente /
_cGilles Kepel ; traducción José Pedro Tosaus Abadía.
260 _aBarcelona, España :
_bPaids,
_c1995.
300 _a350 p. ;
_c24 cm.
500 _aIncluye índice analítico
500 _aIncluye datos biográficos del autor en la solapa de la contracubierta
504 _aIncluye referencias bibliográficas y notas al pie de las páginas
700 1 _aTosaus Abadía, José Pedro,
_etr.
_931588
049 _aBNPD
999 _c13538
_d13538